Бегство от мрачного экватора; Голоса старого моря: пер. с англ.

Detalles Bibliográficos
Autor Principal: Льюис Н. Норман
Outros autores: Скороденко В. А. (автор предисловия)
Idioma:ruso
Publicado: Москва, Прогресс, 1986
Subjects:
Formato: MixedMaterials Libro
KOHA link:https://koha.lib.tpu.ru/cgi-bin/koha/opac-detail.pl?biblionumber=157319

MARC

LEADER 00000nam0a2200000 4500
001 157319
005 20231031153717.0
020 |a RU  |b 86-87920 
035 |a (RuTPU)RU\TPU\book\170637 
090 |a 157319 
100 |a 20090407d1986 m y0rusy5003 ca 
101 1 |a rus  |c eng 
102 |a RU 
105 |a y z 000ay 
200 1 |a Бегство от мрачного экватора; Голоса старого моря  |e пер. с англ.  |f Н. Льюис  |g авт. предисл. В. А. Скороденко 
210 |a Москва  |c Прогресс  |d 1986 
215 |a 426,[2] с.  |d 21 см 
610 1 |a английская литература 
610 1 |a романы 
610 1 |a воспоминания 
675 |a 82  |z rus 
700 1 |a Льюис  |b Н.  |g Норман  |4 070 
702 1 |a Скороденко  |b В. А.  |4 080 
801 0 |a RU  |b RuMRKP  |c 19950704  |g psbo 
801 1 |a RU  |b 63413507  |c 20090407  |g PSBO 
801 2 |a RU  |b 63413507  |c 20090407  |g PSBO 
942 |c BK